Statistics for U.S. States by hint

Click here to take the quiz!

General Stats

  • This quiz has been taken 40 times
    (24 since last reset)
  • The average score is 15 of 17

Answer Stats

HintAnswer% Correct
Largest stateAlaska
100%
Home of ChicagoIllinois
100%
Home of Las VegasNevada
100%
State with 'island' in its nameRhode Island
100%
Most populous stateCalifornia
96%
Home of AtlantaGeorgia
96%
State with the shortest nameIowa, Ohio, Utah
96%
State with the longest nameMassachusetts, North Carolina, South Carolina
96%
Home of the Big AppleNew York
96%
State once part of MexicoTexas
96%
State closest to CubaFlorida
92%
State named after the foreign country it bordersNew Mexico
92%
Least populous stateWyoming
83%
Archipelago stateHawaii
79%
Split from a Confederate stateWest Virginia
75%
Flattest stateKansas
71%
The 14th colonyVermont
42%

Score Distribution

Percentile by Number Answered

Percent of People with Each Score

Your Score History

You have not taken this quiz since the last reset